Comuni della Provincia di Salerno (con mappa) - Statistics

Statistiche generali
  • Questo quiz è stato fatto 120 volte
  • Il punteggio medio è 65 su 158
Risposte nella Mappa
Le risposte nella mappa del quiz sottostante sono codificate secondo una scala di colori dal rosso al verde in base alla % di persone che hanno risposto correttamente.
 
Statistiche sulle risposte
Risposta % Corretto
Salerno
96%
Amalfi
90%
Positano
85%
Battipaglia
83%
Cava de' Tirreni
77%
Eboli
77%
Baronissi
75%
Capaccio Paestum
75%
Nocera Inferiore
75%
Nocera Superiore
75%
Vietri sul Mare
75%
Pagani
73%
Agropoli
69%
Angri
69%
Atrani
69%
Fisciano
69%
Maiori
69%
Minori
69%
Sapri
69%
Sarno
69%
Mercato San Severino
67%
Pontecagnano Faiano
67%
Scafati
67%
Vallo della Lucania
67%
Cetara
65%
Giffoni Valle Piana
63%
Sala Consilina
63%
Castellabate
60%
Ravello
60%
Polla
58%
Bellizzi
56%
Camerota
56%
Campagna
56%
Castel San Giorgio
56%
Pollica
56%
Giffoni Sei Casali
54%
Roccapiemonte
54%
San Mango Piemonte
54%
Siano
54%
Atena Lucana
52%
Bracigliano
52%
Conca dei Marini
52%
Padula
52%
Tramonti
52%
Auletta
50%
Casal Velino
50%
Furore
50%
Ascea
48%
Pellezzano
48%
San Valentino Torio
48%
Buccino
46%
Montecorvino Rovella
46%
Pisciotta
46%
Roccadaspide
46%
Scala
46%
Sicignano degli Alburni
46%
Calvanico
44%
Praiano
44%
Castiglione del Genovesi
42%
Centola
42%
Montecorvino Pugliano
42%
Olevano sul Tusciano
42%
Oliveto Citra
42%
Perdifumo
42%
San Cipriano Picentino
42%
Teggiano
42%
Acerno
40%
Contursi Terme
40%
Roscigno
40%
Altavilla Silentina
38%
Felitto
38%
Gioi
38%
Albanella
35%
Buonabitacolo
35%
Laviano
35%
Palomonte
35%
Pertosa
35%
Postiglione
35%
Salento
35%
San Gregorio Magno
35%
San Marzano sul Sarno
35%
Sanza
35%
Montecorice
33%
Ottati
33%
San Mauro Cilento
33%
Vibonati
33%
Aquara
31%
Bellosguardo
31%
Caggiano
31%
Casalbuono
31%
Caselle in Pittari
31%
Castelcivita
31%
Colliano
31%
Corbara
31%
Laurino
31%
Moio della Civitella
31%
Ogliastro Cilento
31%
Omignano
31%
San Giovanni a Piro
31%
San Rufo
31%
Santa Marina
31%
Sessa Cilento
31%
Controne
29%
Futani
29%
Giungano
29%
Laurito
29%
Morigerati
29%
Novi Velia
29%
Prignano Cilento
29%
Roccagloriosa
29%
Rofrano
29%
Rutino
29%
Sacco
29%
San Mauro La Bruca
29%
Sant'Arsenio
29%
Sant'Egidio del Monte Albino
29%
Serre
29%
Alfano
27%
Castelnuovo di Conza
27%
Laureana Cilento
27%
Magliano Vetere
27%
Montesano sulla Marcellana
27%
Perito
27%
Petina
27%
Piaggine
27%
Ricigliano
27%
Sassano
27%
Stella Cilento
27%
Stio
27%
Tortorella
27%
Valle dell'Angelo
27%
Castelnuovo Cilento
25%
Castel San Lorenzo
25%
Ceraso
25%
Ispani
25%
Monteforte Cilento
25%
Torchiara
25%
Trentinara
25%
Cannalonga
23%
Casaletto Spartano
23%
Monte San Giacomo
23%
Sant'Angelo a Fasanella
23%
Cicerale
21%
Montano Antilia
21%
San Pietro al Tanagro
21%
Valva
21%
Campora
19%
Celle di Bulgheria
19%
Corleto Monforte
19%
Cuccaro Vetere
19%
Orria
19%
Romagnano al Monte
19%
Torraca
19%
Torre Orsaia
19%
Lustra
17%
Salvitelle
17%
Santomenna
17%
Serramezzana
15%
Nessun quiz corrispondente trovato
Distribuzione punteggi
Percentuale di utenti per punteggio
Percentile per numero di risposta
I tuoi punteggi nel tempo
Non hai fatto questo quiz